000 00420cam a2200181ua 4500
001 2741
008 191128n1985 II |||gr||||Z||||||eng
040 _aMAIN
041 _aEnglish
041 _aeng
082 _a153 RAY
100 _aRAY, AJAY.
245 _aINTELLIGENCE TESTS
260 _aNEW DELHI
_bSTERLING PUBLISHERS
_c1985
300 _a223:
_c20CM.
653 _aMental processes & intelligence
942 _cBK
999 _c2735
_d2735